000 00743nam a2200229Ia 4500
003 GCL
008 140319s9999 xx 000 0 ara d
040 _aGCL /
_cGCL
082 0 4 _a210.2
_bع م
100 1 _aعمر عبدالرحمن
245 1 0 _aموقف القران من خصومه /
_cعمر عبدالرحمن
250 _aالاولى
260 _aالقاهرة :
_bدار مصر المحروسة ،
_c2006
300 _a830 ص ؛
_c24 سم
650 0 4 _aالاسلام والمجتمع
650 0 4 _aالجهاد فى الاسلام
650 0 4 _aالاسرائيليات
650 0 4 _aالقران - اسباب النزول
650 0 4 _aحروب الردة
650 0 4 _aالقران - تفاسير
942 _2ddc
_cBK
999 _c8631
_d8631